Joueurs brésiliens ayant joué au FC Barcelone - Statistiques

Statistiques générales
  • Ce quiz a été pris 64 fois
  • Le résultat moyen est 12 sur 39
Statistiques - réponses
Année d'arrivée Année de départ Club précédant Club suivant Nombre de match Joueurs % Correct
2022 En cours Leeds United En cours 175 Raphinha
97%
2013 2017 Santos FC Paris Saint-Germain 186 Neymar
93%
2003 2008 Paris Saint-Germain AC Milan 207 Ronaldinho
87%
2008 2016 Séville FC Juventus Turin 408 Dani Alves
82%
2018 2022 FC Liverpool Aston Villa 106 Philippe Coutinho
73%
2018 2019 FC Girondins de Bordeaux Zénith Saint-Pétersbourg 24 Malcom
72%
1996 1997 PSV Eindhoven Inter Milan 49 Ronaldo
68%
1997 2002 Deportivo La Corogne AC Milan 235 Rivaldo
60%
2018 2020 Grêmio Porto Alegre Juventus Turin 72 Arthur
57%
2017 2019 Guangzhou Evergrande Guangzhou Evergrande 50 Paulinho
57%
2009 2012 Inter Milan Paris Saint-Germain 89 Maxwell
53%
2013 2020 FC Barcelone B Paris Saint-Germain 90 Rafinha
52%
2024 2025 CA Paranaense SE Palmeiras 16 Vitor Roque
43%
1993 1995 PSV Eindhoven CR Flamengo 65 Romário
42%
1997 1999 AS Monaco Olympique Lyonnais 68 Sonny Anderson
42%
2019 2021 CA Mineiro Tottenham Hotpsur 3 Emerson
27%
2010 2016 Séville FC Besiktas JK 189 Adriano
25%
2004 2009 Celta Vigo Manchester City 128 Sylvinho
25%
2004 2008 Olympique Lyonnais Villarreal CF 96 Edmílson
22%
2019 2022 FC Valence AFC Bornemouth 21 Neto
22%
2004 2007 Villarreal CF Chelsea FC 103 Juliano Belletti
18%
1947 1948 CA Peñarol FC Porto 3 Lucídio da Silva
18%
2016 2018 Fluminense FC US Sassuolo 3 Marlon
8%
2020 2021 SE Palmeiras SE Palmeiras 1 Matheus Fernandes
8%
2014 2019 FC São Paulo Besiktas JK 8 Douglas
7%
2001 2003 Cruzeiro EC SL Benfica 43 Geovanni
7%
1996 1999 Santos FC Olympiakós Le Pirée 107 Giovanni
5%
2009 2014 Desportivo Brasil Ltda Coritiba FC 0 Keirrison
5%
2001 2005 SC Internacional Middlesbrough FC 68 Fábio Rochemback
2%
2008 2012 Desportivo Brasil Ltda SE Palmeiras 0 Henrique
2%
1988 1990 SC Internacional FC Porto 66 Aloísio
0%
1978 1979 Terrassa FC Espanyol Barcelone 10 Bio
0%
1982 1983 SC Internacional SE Palmeiras - Cléo
0%
1957 1962 CR Flamengo Real Madrid 151 Evaristo
0%
1931 1933 CR Vasco de Gama SC YF Juventus - Fausto
0%
1932 1933 CR Vasco de Gama Uniao Lissabon - Jaguaré
0%
1974 1976 Santos FC SC Internacional 29 Marinho Peres
0%
1980 1980 CR Vasco de Gama CR Vasco de Gama 11 Roberto Dinamite
0%
1967 1969 CR Flamengo Racing Club 0 Silva Batuta
0%
Aucun quiz correspondant
Distribution des résultats
% des personnes avec chaque résultat
Percentile par nombre de réponses
Votre historique - résultats
Vous n’avez pas pris ce quiz